[Event "C.to Provinciale BS"]
[Site "Sarezzo ITA"]
[Date "2014.01.26"]
[Round "2"]
[White "Agnelli, Francesco"]
[Black "Zorzi, Aristide"]
[WhiteElo "2040"]
[BlackElo "1760"]
[Result "1-0"]
[PlyCount "93"]
[EventDate "2014.01.25"]

1. e4 e6 2. d4 d5 3. Nc3 Bb4 4. e5 c5 5. a3 Bxc3+ 6. bxc3 Nc6 7. Qg4 Kf8 8. h4
f6 9. Nf3 f5 10. Qg3 Nh6 11. Bxh6 gxh6 12. Qf4 Qe7 13. Qxh6+ Qg7 14. Qd2 c4 15.
Rh3 h6 16. Rg3 Qf7 17. a4 Ne7 18. Be2 Bd7 19. Ng1 Ng8 20. h5 Rh7 21. Nh3 Rg7
22. Rxg7 Kxg7 23. Nf4 Ne7 24. Qe3 Rg8 25. Qg3+ Kh7 26. Qh4 Rg5 27. Kd2 a5 28.
g3 Qg8 29. Rb1 Bc6 30. Nh3 Rg7 31. Qf6 Nc8 32. Nf4 Re7 33. Ng6 Re8 34. g4 Qg7
35. Qxg7+ Kxg7 36. gxf5 exf5 37. Nf4 Ne7 38. Bf3 Rg8 39. Rb6 Kf7 40. Rb1 Rg7
41. Bg2 Rg4 42. Ke3 Rg5 43. Bf3 Rg7 44. Nh3 Ke6 45. Rb6 Rg8 46. Nf4+ Kd7 47.
Bxd5 1-0

[Event "C.to Provinciale BS"]
[Site "Sarezzo ITA"]
[Date "2014.01.26"]
[Round "2"]
[White "Avanzini, Angelo"]
[Black "Cattaneo, Ugo"]
[WhiteElo "1517"]
[BlackElo "1807"]
[Result "0-1"]
[PlyCount "74"]
[EventDate "2014.01.25"]

1. d4 d5 2. Nf3 Nf6 3. Nbd2 Bf5 4. e3 e6 5. a3 Nbd7 6. c4 c5 7. Qa4 dxc4 8.
Bxc4 a6 9. dxc5 Bxc5 10. Qb3 b5 11. Bd3 Bg4 12. O-O O-O 13. Re1 Rc8 14. Be2 e5
15. Ng5 h6 16. Nge4 Be6 17. Qd1 Bf5 18. Bf3 Qe7 19. b4 Bb6 20. Bb2 a5 21. Qe2
Rc2 22. Nxf6+ Nxf6 23. Qxb5 Rxb2 24. Qxb6 Rxd2 25. Qxa5 Be4 26. Be2 Ra8 27. Qb5
Bb7 28. Bf1 Ba6 29. Qa5 Bb7 30. Qb5 Ne4 31. Qc4 Rc8 32. Qb5 Rcc2 33. Bd3 Nd6
34. Qa4 Qg5 35. g3 Qf6 36. Rf1 Qf3 37. e4 Qxd3 0-1

[Event "C.to Provinciale BS"]
[Site "Sarezzo ITA"]
[Date "2014.01.26"]
[Round "2"]
[White "Brugaletta, Giorgio"]
[Black "Peli, Jordan"]
[WhiteElo "1766"]
[BlackElo "1493"]
[Result "1/2-1/2"]
[PlyCount "111"]
[EventDate "2014.01.25"]

1. Nf3 Nc6 2. d4 d5 3. g3 Bf5 4. c3 Nf6 5. Bg2 e6 6. O-O h5 7. Nh4 g6 8. Bg5
Be7 9. Nd2 Nh7 10. Bxe7 Qxe7 11. f3 g5 12. Nxf5 exf5 13. e4 fxe4 14. fxe4 O-O-O
15. exd5 Qe3+ 16. Kh1 f5 17. dxc6 h4 18. cxb7+ Kb8 19. Rf3 Qe6 20. Qe1 Qg6 21.
Qf2 Nf6 22. Rxf5 hxg3 23. Qxg3 Qxf5 24. Rf1 Qg4 25. Kg1 Qxg3 26. hxg3 Nd5 27.
Re1 Nb6 28. Nb3 Nc4 29. Nc5 Rd6 30. Re7 Rhd8 31. b3 Na3 32. Rg7 Nb5 33. Rxg5
Nxc3 34. Re5 Nb5 35. Ne6 Re8 36. Rxb5 Rexe6 37. d5 Re2 38. a4 Re3 39. Kf2 Rd3
40. Be4 Rf6+ 41. Kg2 Rd4 42. Bb1 a6 43. Rc5 Kxb7 44. Rc2 Rxd5 45. Re2 Kb6 46.
Be4 Re5 47. g4 Rf4 48. Bf3 Rxe2+ 49. Bxe2 Kc6 50. Kg3 Rb4 51. Bc4 Rb8 52. Kf4
Kd6 53. Kf5 Rf8+ 54. Kg6 Ke7 55. g5 a5 56. Kg7 1/2-1/2

[Event "C.to Provinciale BS"]
[Site "Sarezzo ITA"]
[Date "2014.01.26"]
[Round "2"]
[White "Burimi, Ilir"]
[Black "Zorzi, Samuele"]
[WhiteElo "1907"]
[BlackElo "1613"]
[Result "1-0"]
[PlyCount "83"]
[EventDate "2014.01.25"]

1. e4 e6 2. d4 d5 3. Nc3 Nf6 4. Bg5 Be7 5. e5 Nfd7 6. h4 Bxg5 7. hxg5 Qxg5 8.
Nh3 Qe7 9. Qg4 Kf8 10. Ng5 h6 11. f4 Nc6 12. O-O-O Nb6 13. Bd3 f5 14. exf6 gxf6
15. Nf3 e5 16. Bf5 exd4 17. Nh4 Rg8 18. Ng6+ Rxg6 19. Qxg6 Bxf5 20. Qxf5 dxc3
21. Rxh6 cxb2+ 22. Kb1 Qg7 23. Rh7 Ne7 24. Qh5 Qg6 25. Qh3 f5 26. Re1 Re8 27.
Rh6 Qg7 28. Rh8+ Ng8 29. Qxf5+ Qf7 30. Qxf7+ Kxf7 31. Rxe8 Kxe8 32. Rxg8+ Kd7
33. Kxb2 Nc4+ 34. Kc3 Nd6 35. Kd4 c6 36. Rg7+ Ke6 37. g4 a6 38. f5+ Kf6 39.
Rg6+ Ke7 40. Kc5 Nc4 41. g5 Kd8 42. Rg7 1-0

[Event "C.to Provinciale BS"]
[Site "Sarezzo ITA"]
[Date "2014.01.26"]
[Round "2"]
[White "Caceffo, Daniele"]
[Black "Dieli, Alberto"]
[WhiteElo "1727"]
[BlackElo "1942"]
[Result "0-1"]
[PlyCount "96"]
[EventDate "2014.01.25"]

1. e4 e5 2. Nf3 Nf6 3. Nxe5 d6 4. Nf3 Nxe4 5. Nc3 Nxc3 6. dxc3 Be7 7. Be3 O-O
8. Qd2 Nc6 9. O-O-O Bf6 10. Nd4 Re8 11. Bd3 Ne5 12. h3 d5 13. Rhe1 c5 14. Nb5
a6 15. Na3 Qa5 16. c4 Qxd2+ 17. Bxd2 Nxd3+ 18. cxd3 Bf5 19. cxd5 Bxd3 20. Be3
c4 21. Nc2 a5 22. Bb6 Bg5+ 23. Ne3 Ra6 24. Bc7 Bxe3+ 25. fxe3 Bf5 26. g4 Bd7
27. e4 f6 28. Rd2 Rc8 29. d6 Re8 30. Rde2 Re5 31. Rd2 Kf7 32. Rd5 Ke6 33. Kc2
Bc6 34. Rd4 b5 35. d7 Bxd7 36. Bxe5 fxe5 37. Rd5 Bc6 38. Rd8 Ra7 39. Kd2 Ke7
40. Rh8 Rd7+ 41. Kc1 h6 42. Rc8 Rd6 43. Rc7+ Bd7 44. Rd1 Rd4 45. Kc2 Kd6 46.
Ra7 Bc6 47. Rxg7 Bxe4+ 48. Kc1 Bf3 0-1

[Event "C.to Provinciale BS"]
[Site "Sarezzo ITA"]
[Date "2014.01.26"]
[Round "2"]
[White "Conti, Ferdinando"]
[Black "Migliorati, Michele"]
[WhiteElo "1721"]
[BlackElo "1500"]
[Result "1/2-1/2"]
[PlyCount "86"]
[EventDate "2014.01.25"]

1. Nf3 d5 2. b4 e6 3. Bb2 f6 4. a3 a5 5. b5 c5 6. e3 Nd7 7. c4 Nb6 8. Qc2 Bd6
9. a4 Qc7 10. h3 e5 11. d3 Ne7 12. Be2 Be6 13. O-O Qd7 14. Nc3 dxc4 15. Ne4
cxd3 16. Nxd6+ Qxd6 17. Bxd3 c4 18. Bxh7 f5 19. Bxe5 Qd3 20. Qxd3 cxd3 21. Ng5
Bg8 22. Bxg8 Rxg8 23. Ne6 Kf7 24. Ng5+ Kg6 25. f4 Ned5 26. Bd4 Rac8 27. Rfd1
Rc4 28. Bxb6 Nxb6 29. Rxd3 Rf8 30. Rd6+ Rf6 31. Rxf6+ gxf6 32. Nf3 Rxa4 33.
Rxa4 Nxa4 34. Kf1 b6 35. Ke1 Nc3 36. Nd4 Ne4 37. Kd1 Nd6 38. Kc2 Kh5 39. Kc3
Kh4 40. g4 fxg4 41. hxg4 Kxg4 42. Kd3 f5 43. Kc3 Kg3 1/2-1/2

[Event "C.to Provinciale BS"]
[Site "Sarezzo ITA"]
[Date "2014.01.26"]
[Round "2"]
[White "Dieli, Riccardo"]
[Black "Gaglione, Francesco"]
[WhiteElo "1853"]
[BlackElo "1470"]
[Result "1-0"]
[PlyCount "61"]
[EventDate "2014.01.25"]

1. Nf3 d5 2. c4 e6 3. d4 b6 4. cxd5 exd5 5. e3 Nf6 6. Bd3 Be7 7. O-O O-O 8. a3
c5 9. Bd2 Nc6 10. Bc3 c4 11. Bc2 Bg4 12. Nbd2 Re8 13. Qb1 Bd6 14. h3 Bh5 15.
Ba4 Qc7 16. Ne5 Bxe5 17. dxe5 Nd7 18. f4 Be2 19. Rf2 Bd3 20. Bc2 Nc5 21. Rf3
Rad8 22. Rg3 d4 23. exd4 Nxd4 24. Bxd3 Nxd3 25. Qf1 Qc5 26. Kh2 Nc2 27. Ne4 Qc6
28. Nf6+ Kh8 29. Nxe8 Nxa1 30. Nxg7 Nb3 31. e6 1-0

[Event "C.to Provinciale BS"]
[Site "Sarezzo ITA"]
[Date "2014.01.26"]
[Round "2"]
[White "Paglia, Angelo"]
[Black "Poletti, Fausto"]
[WhiteElo "1699"]
[BlackElo "1880"]
[Result "0-1"]
[PlyCount "56"]
[EventDate "2014.01.25"]

1. d4 Nf6 2. Nf3 d6 3. g3 g6 4. Bg2 Bg7 5. O-O O-O 6. c4 Nc6 7. Nc3 e5 8. dxe5
Nxe5 9. Nxe5 dxe5 10. Qxd8 Rxd8 11. Bg5 Rd4 12. Rad1 c6 13. e3 Rxd1 14. Rxd1
Be6 15. b3 h6 16. Bxf6 Bxf6 17. Ne4 Be7 18. Nd6 Rd8 19. c5 f5 20. Bf3 Bxd6 21.
cxd6 e4 22. Be2 Bd5 23. h4 Rxd6 24. g4 Kg7 25. gxf5 gxf5 26. h5 Kf6 27. f3 exf3
28. Bxf3 Ke5 0-1

[Event "C.to Provinciale BS"]
[Site "Sarezzo ITA"]
[Date "2014.01.26"]
[Round "2"]
[White "Ricci, Davide"]
[Black "Muffolini, Riccardo"]
[WhiteElo "1413"]
[BlackElo "1467"]
[Result "1-0"]
[PlyCount "94"]
[EventDate "2014.01.25"]

1. d4 d5 2. c4 e6 3. Nc3 Nf6 4. Bg5 Be7 5. e3 b6 6. Qb3 Bb7 7. cxd5 exd5 8. Nf3
Nbd7 9. Bb5 c6 10. Be2 h6 11. Bh4 O-O 12. h3 Qc7 13. g4 Rfe8 14. g5 hxg5 15.
Bxg5 Ne4 16. h4 Nxc3 17. Qxc3 f6 18. Bf4 Bd6 19. Bxd6 Qxd6 20. h5 Kf7 21. Bd3
Ke7 22. Nh4 Kd8 23. Bg6 Rg8 24. Nf5 Qe6 25. Qa3 c5 26. Rg1 a5 27. Bh7 Rh8 28.
Rxg7 Rxh7 29. Rxh7 Qxf5 30. Rh8+ Kc7 31. Rxa8 Bxa8 32. Rc1 Qxh5 33. dxc5 Nxc5
34. b4 Qh1+ 35. Kd2 Qf3 36. Ke1 axb4 37. Qxa8 Kd6 38. Qd8+ Ke5 39. Qc7+ Kf5 40.
Rd1 Qh1+ 41. Ke2 Qg2 42. Qc8+ Ke5 43. Qc7+ Kf5 44. Qh7+ Ke5 45. Qh5+ Ke6 46.
Qe8+ Kf5 47. Qc8+ Ke5 1-0

[Event "C.to Provinciale BS"]
[Site "Sarezzo ITA"]
[Date "2014.01.26"]
[Round "3"]
[White "Bresciani, Luca"]
[Black "Paglia, Angelo"]
[WhiteElo "1395"]
[BlackElo "1699"]
[Result "0-1"]
[PlyCount "74"]
[EventDate "2014.01.25"]

1. e4 d6 2. d4 Nf6 3. Nc3 g6 4. Be3 Bg7 5. Be2 Nbd7 6. e5 dxe5 7. dxe5 Nxe5 8.
Qxd8+ Kxd8 9. Rd1+ Ned7 10. Bd4 Ne8 11. Be3 Nd6 12. Nf3 c6 13. Bd4 e5 14. Bxe5
Nxe5 15. Rxd6+ Kc7 16. Nxe5 Bxe5 17. Rd3 Bf5 18. Re3 Bd6 19. Bd3 Bc5 20. Rf3
Rhe8+ 21. Kd2 Rad8 22. g4 Be6 23. Ne4 Bd5 24. Rxf7+ Bxf7 25. Nxc5 Bc4 26. b3
Bxd3 27. Nxd3 Rf8 28. f4 Rxf4 29. h3 Rf2+ 30. Kc3 Rf3 31. Re1 Rxh3 32. Re7+ Rd7
33. Rxd7+ Kxd7 34. Kd2 Rh2+ 35. Kc3 Kd6 36. Nf4 Rf2 37. Nd3 Rg2 0-1

[Event "C.to Provinciale BS"]
[Site "Sarezzo ITA"]
[Date "2014.01.26"]
[Round "3"]
[White "Brugaletta, Alessandro"]
[Black "Caceffo, Daniele"]
[WhiteElo "1413"]
[BlackElo "1727"]
[Result "0-1"]
[PlyCount "62"]
[EventDate "2014.01.25"]

1. e4 e5 2. Nf3 Nc6 3. Nc3 Bc5 4. Bc4 Nf6 5. h3 d6 6. O-O O-O 7. d3 h6 8. b3
Be6 9. Bxe6 fxe6 10. Bb2 Ne7 11. a3 Ng6 12. Na4 Bb6 13. Nxb6 axb6 14. d4 exd4
15. Nxd4 Qd7 16. Qd3 e5 17. Nf3 Nf4 18. Qc4+ Kh8 19. a4 N6h5 20. Nh4 g5 21. Nf5
Kh7 22. Bc1 b5 23. Qb4 bxa4 24. Qxb7 Rfb8 25. Qxb8 Rxb8 26. bxa4 Rb4 27. Ne3
Rxe4 28. a5 Nxh3+ 29. gxh3 Qxh3 30. f3 Qg3+ 31. Kh1 Rh4# 0-1

[Event "C.to Provinciale BS"]
[Site "Sarezzo ITA"]
[Date "2014.01.26"]
[Round "3"]
[White "Cattaneo, Ugo"]
[Black "Burimi, Ilir"]
[WhiteElo "1807"]
[BlackElo "1907"]
[Result "0-1"]
[PlyCount "50"]
[EventDate "2014.01.25"]

1. e4 c5 2. Nf3 Nc6 3. d4 cxd4 4. Nxd4 e6 5. Nb5 d6 6. N1c3 a6 7. Nd4 Nf6 8.
Be2 Qc7 9. Nf3 b5 10. a3 Bb7 11. Bf4 Be7 12. O-O O-O 13. h3 Rfd8 14. Nd2 Rac8
15. Bd3 Ne5 16. Qe2 Nc4 17. Bxc4 bxc4 18. a4 Qc6 19. a5 d5 20. exd5 Nxd5 21.
Nxd5 Rxd5 22. Qg4 f5 23. Qg3 e5 24. Bxe5 Rxe5 25. Nxc4 Re6 0-1

[Event "C.to Provinciale BS"]
[Site "Sarezzo ITA"]
[Date "2014.01.26"]
[Round "3"]
[White "Dieli, Alberto"]
[Black "Dieli, Riccardo"]
[WhiteElo "1942"]
[BlackElo "1853"]
[Result "1/2-1/2"]
[PlyCount "33"]
[EventDate "2014.01.25"]

1. e4 c5 2. Nf3 Nc6 3. d4 cxd4 4. Nxd4 d6 5. Bb5 Bd7 6. Bxc6 bxc6 7. O-O g6 8.
Nc3 Bg7 9. Be3 Nf6 10. Bg5 O-O 11. Bxf6 Bxf6 12. Nde2 Rb8 13. b3 Qb6 14. Na4
Qb7 15. Nac3 Qb6 16. Na4 Qb7 17. Nac3 1/2-1/2

[Event "C.to Provinciale BS"]
[Site "Sarezzo ITA"]
[Date "2014.01.26"]
[Round "3"]
[White "Gaglione, Francesco"]
[Black "Avanzini, Angelo"]
[WhiteElo "1470"]
[BlackElo "1517"]
[Result "1/2-1/2"]
[PlyCount "77"]
[EventDate "2014.01.25"]

1. d4 d5 2. c4 Nf6 3. Nc3 e6 4. Nf3 Bb4 5. Bd2 O-O 6. e3 Nbd7 7. a3 Bxc3 8.
Bxc3 c5 9. Bd3 cxd4 10. Bxd4 Nb6 11. cxd5 Nfxd5 12. O-O Bd7 13. Rc1 Bc6 14. Ne5
Ne7 15. Nxc6 Nxc6 16. Bc3 Nd5 17. Qe2 Nxc3 18. Rxc3 Qg5 19. f4 Qd5 20. Rd1 Qa5
21. b4 Qb6 22. Kh1 Ne7 23. Be4 Rfd8 24. Rcd3 Rxd3 25. Qxd3 g6 26. h3 Nc6 27.
Bxc6 Qxc6 28. Kh2 a6 29. Qd6 Qe4 30. Qd4 Qc6 31. Rd3 Rc8 32. Qd7 Qxd7 33. Rxd7
b5 34. Ra7 Rc6 35. Kg3 Kg7 36. Kf3 Kf8 37. Ke4 f6 38. Kd3 Rd6+ 39. Ke4 1/2-1/2

[Event "C.to Provinciale BS"]
[Site "Sarezzo ITA"]
[Date "2014.01.26"]
[Round "3"]
[White "Migliorati, Michele"]
[Black "Lumachi, Gabriele"]
[WhiteElo "1500"]
[BlackElo "1419"]
[Result "1-0"]
[PlyCount "117"]
[EventDate "2014.01.25"]

1. e4 e5 2. Nf3 Nc6 3. Bc4 h6 4. Nc3 Nf6 5. d3 Bc5 6. Be3 Bxe3 7. fxe3 a6 8.
O-O d6 9. d4 exd4 10. exd4 O-O 11. a3 Bg4 12. Qd3 Bxf3 13. Rxf3 Na5 14. Ba2 b6
15. Raf1 c6 16. Qe3 Ng4 17. Qf4 Qd7 18. Rg3 g5 19. Qxg4 Qxg4 20. Rxg4 Kg7 21.
h4 f6 22. hxg5 fxg5 23. b4 Rxf1+ 24. Kxf1 Nb7 25. Ne2 a5 26. d5 c5 27. bxc5
bxc5 28. Ng3 Kg6 29. Nf5 Re8 30. Bb1 h5 31. Rg3 Rxe4 32. c4 Rf4+ 33. Rf3 Rxf3+
34. gxf3 Kf6 35. Kf2 Ke5 36. Ke3 h4 37. Nh6 Kf6 38. Ng4+ Kg7 39. f4 gxf4+ 40.
Kxf4 Nd8 41. Kg5 h3 42. Kh4 Kf7 43. Kxh3 Ke7 44. Bf5 Nf7 45. Kh4 Kf8 46. Kh5
Kg7 47. Be6 Nd8 48. Kg5 Nb7 49. Nf2 a4 50. Ne4 Kf8 51. Bc8 Na5 52. Nxd6 Ke7 53.
Nf5+ Kd8 54. Ba6 Kc7 55. Kf6 Nb3 56. Ke7 Kb6 57. Bb5 Nd4 58. Nxd4 cxd4 59. d6
1-0

[Event "C.to Provinciale BS"]
[Site "Sarezzo ITA"]
[Date "2014.01.26"]
[Round "3"]
[White "Peli, Jordan"]
[Black "Ricci, Davide"]
[WhiteElo "1493"]
[BlackElo "1413"]
[Result "1/2-1/2"]
[PlyCount "54"]
[EventDate "2014.01.25"]

1. c4 e6 2. e4 f5 3. exf5 exf5 4. d4 Nf6 5. Bg5 d6 6. Nc3 Nbd7 7. Bd3 g6 8. h4
h6 9. Bxf6 Nxf6 10. Qc2 Qe7+ 11. Nge2 Bd7 12. O-O-O O-O-O 13. Nf4 Qf7 14. Kb1
Bg7 15. Rhe1 Rde8 16. f3 h5 17. d5 Rxe1 18. Rxe1 Re8 19. Rxe8+ Qxe8 20. Nb5
Qe1+ 21. Qc1 Qxc1+ 22. Kxc1 a6 23. Nd4 Bh6 24. Nde2 Nh7 25. Kc2 Nf8 26. Nh3 Kd8
27. Ng5 Ke7 1/2-1/2

[Event "C.to Provinciale BS"]
[Site "Sarezzo ITA"]
[Date "2014.01.26"]
[Round "3"]
[White "Poletti, Fausto"]
[Black "Agnelli, Francesco"]
[WhiteElo "1880"]
[BlackElo "2040"]
[Result "1/2-1/2"]
[PlyCount "42"]
[EventDate "2014.01.25"]

1. e4 d6 2. c4 g6 3. g3 Bg7 4. Bg2 Nc6 5. Nc3 e5 6. Nge2 Nh6 7. O-O O-O 8. d3
f5 9. f4 Kh8 10. Rb1 a5 11. Nd5 Nd4 12. Nec3 c6 13. Ne3 exf4 14. gxf4 Bd7 15.
Ne2 Qh4 16. Nxd4 Bxd4 17. Kh1 Rae8 18. Bd2 fxe4 19. dxe4 Bc5 20. Qf3 Qd8 21.
Qg3 Qb6 1/2-1/2

[Event "C.to Provinciale BS"]
[Site "Sarezzo ITA"]
[Date "2014.01.26"]
[Round "3"]
[White "Zorzi, Aristide"]
[Black "Brugaletta, Giorgio"]
[WhiteElo "1760"]
[BlackElo "1766"]
[Result "1-0"]
[PlyCount "91"]
[EventDate "2014.01.25"]

1. e4 c5 2. Nf3 Nc6 3. c3 a6 4. d4 cxd4 5. cxd4 e6 6. Nc3 Bb4 7. a3 Be7 8. Bd3
d6 9. Be3 Nf6 10. h3 O-O 11. Rc1 Bd7 12. b4 b5 13. Qb3 Na7 14. e5 dxe5 15. dxe5
Nd5 16. Nxd5 exd5 17. Nd4 Rc8 18. Rxc8 Nxc8 19. Qxd5 Be6 20. Qe4 g6 21. Nxe6
fxe6 22. O-O Bg5 23. f4 Bh6 24. Be2 Ne7 25. Bc5 Rf7 26. Bxe7 Rxe7 27. Rd1 Rd7
28. Rxd7 Qxd7 29. g3 Qa7+ 30. Kg2 Kf7 31. g4 Ke7 32. f5 exf5 33. gxf5 Qe3 34.
f6+ Kf8 35. Qxe3 Bxe3 36. Kf3 Bc1 37. a4 Ba3 38. axb5 axb5 39. Bxb5 Bxb4 40.
Ke4 h5 41. Bc4 g5 42. Kf5 g4 43. h4 g3 44. Bd5 Be1 45. e6 g2 46. e7+ 1-0

[Event "C.to Provinciale BS"]
[Site "Sarezzo ITA"]
[Date "2014.02.01"]
[Round "4"]
[White "Agnelli, Francesco"]
[Black "Cattaneo, Ugo"]
[WhiteElo "2040"]
[BlackElo "1807"]
[Result "1/2-1/2"]
[PlyCount "154"]
[EventDate "2014.01.25"]

1. e4 e5 2. Nf3 Nc6 3. Bb5 a6 4. Ba4 Nf6 5. d3 d6 6. c3 b5 7. Bb3 h6 8. Nbd2 g6
9. Nf1 Bg7 10. h3 O-O 11. g4 Be6 12. g5 hxg5 13. Bxg5 Qd7 14. h4 d5 15. Qe2
dxe4 16. dxe4 Bxb3 17. axb3 Qe6 18. Bxf6 Bxf6 19. N3d2 Kg7 20. Ne3 Rh8 21. h5
Ne7 22. O-O-O b4 23. Rhg1 a5 24. hxg6 fxg6 25. Ndc4 a4 26. bxa4 Rxa4 27. Qd3
bxc3 28. Qxc3 Rh2 29. b3 Ra2 30. Ng4 Rh8 31. Kb1 Rha8 32. Qh3 Ra1+ 33. Kc2 Rxd1
34. Rxd1 Rh8 35. Qf3 Nc6 36. Nxf6 Nd4+ 37. Rxd4 exd4 38. Nd5 c5 39. Nf4 Qf6 40.
Qg4 Rh4 41. Qd7+ Kh6 42. Nd3 Rxe4 43. Qh3+ Rh4 44. Qg3 Rh5 45. Nce5 Kg7 46. Ng4
Qe7 47. Nge5 Rg5 48. Qf4 Rf5 49. Qe4 Qa7 50. f4 Qa5 51. Kb1 Qb5 52. Qd5 Kh7 53.
Qd7+ Qxd7 54. Nxd7 g5 55. fxg5 Rxg5 56. N7xc5 Rd5 57. b4 Kg7 58. Kb2 Kf7 59.
Kb3 Ke7 60. Kc4 Rd8 61. Ne5 Rd6 62. Kb5 Ke8 63. Ned3 Ke7 64. Nb7 Rh6 65. Na5
Kd7 66. Nb7 Kc7 67. Nbc5 Rb6+ 68. Kc4 Rxb4+ 69. Kxb4 Kc6 70. Kc4 Kd6 71. Nb7+
Ke6 72. Kc5 Kf5 73. Kd5 Kg4 74. Ke4 Kg5 75. Nbc5 Kf6 76. Nd7+ Ke6 77. N7e5 Kd6
1/2-1/2

[Event "C.to Provinciale BS"]
[Site "Sarezzo ITA"]
[Date "2014.02.01"]
[Round "4"]
[White "Avanzini, Angelo"]
[Black "Conti, Ferdinando"]
[WhiteElo "1517"]
[BlackElo "1721"]
[Result "1-0"]
[PlyCount "111"]
[EventDate "2014.01.25"]

1. d4 Nf6 2. Nf3 c5 3. d5 e6 4. Nc3 exd5 5. Nxd5 Be7 6. Bg5 Nxd5 7. Qxd5 Bxg5
8. Nxg5 Qe7 9. Qe4 Qxe4 10. Nxe4 O-O 11. Nxc5 b6 12. Nd3 Bb7 13. O-O-O Re8 14.
f3 Nc6 15. e4 Rad8 16. Nf4 Ne7 17. Bb5 Bc6 18. Bc4 b5 19. Bd5 g5 20. Bxc6 dxc6
21. Nh5 Rxd1+ 22. Rxd1 Ra8 23. Rd7 Kf8 24. Nf6 h6 25. b4 a5 26. bxa5 Rxa5 27.
Kb2 c5 28. Nd5 Nc6 29. Rc7 Ra6 30. Rb7 b4 31. Rb6 Rxb6 32. Nxb6 Ke7 33. c3 Ke6
34. Kb3 Na5+ 35. Kc2 Kd6 36. Nd5 Nc6 37. cxb4 Nxb4+ 38. Nxb4 cxb4 39. Kb3 Kc5
40. g3 Kb5 41. h3 Kc5 42. f4 Kb5 43. e5 Kc5 44. f5 Kd5 45. Kxb4 Kxe5 46. g4 Kf4
47. a4 Kg3 48. a5 Kxh3 49. a6 Kxg4 50. a7 Kxf5 51. a8=Q h5 52. Qf3+ Kg6 53.
Qe4+ Kh6 54. Qf5 h4 55. Qxf7 g4 56. Qf4+ 1-0

[Event "C.to Provinciale BS"]
[Site "Sarezzo ITA"]
[Date "2014.02.01"]
[Round "4"]
[White "Brugaletta, Giorgio"]
[Black "Gaglione, Francesco"]
[WhiteElo "1766"]
[BlackElo "1470"]
[Result "1-0"]
[PlyCount "107"]
[EventDate "2014.01.25"]

1. c4 e5 2. Nc3 Nc6 3. g3 Nf6 4. Bg2 g6 5. d3 Bg7 6. Nf3 O-O 7. O-O d6 8. h3
Bd7 9. Rb1 Qc8 10. Kh2 Ne7 11. e4 Nh5 12. Nh4 Nc6 13. Nd5 Nf6 14. f4 Nxd5 15.
cxd5 Ne7 16. fxe5 Bxe5 17. Bh6 Bg7 18. Bxg7 Kxg7 19. Qd2 c6 20. Qf4 Qb8 21.
Qf6+ Kg8 22. Qxe7 Qe8 23. Qxe8 Rfxe8 24. dxc6 Bxc6 25. Rf6 Re6 26. Rbf1 Rxf6
27. Rxf6 Rd8 28. d4 d5 29. e5 a5 30. a3 Ra8 31. Rd6 Ra6 32. Bxd5 Bxd5 33. Rxd5
Rb6 34. Rxa5 Rxb2+ 35. Ng2 b6 36. Ra4 Kf8 37. Rb4 Ra2 38. Rxb6 Rxa3 39. Rd6 Ke7
40. h4 Rf3 41. Nf4 h6 42. Rf6 Ke8 43. d5 g5 44. hxg5 hxg5 45. Nh3 Rd3 46. Nxg5
Rxd5 47. Nxf7 Ke7 48. Rf4 Ra5 49. Kh3 Ra8 50. Kh4 Rg8 51. g4 Rf8 52. Kh5 Rxf7
53. Rxf7+ Kxf7 54. Kh6 1-0

[Event "C.to Provinciale BS"]
[Site "Sarezzo ITA"]
[Date "2014.02.01"]
[Round "4"]
[White "Burimi, Ilir"]
[Black "Dieli, Alberto"]
[WhiteElo "1907"]
[BlackElo "1942"]
[Result "0-1"]
[PlyCount "60"]
[EventDate "2014.01.25"]

1. e4 e5 2. Nf3 Nf6 3. Nxe5 d6 4. Nf3 Nxe4 5. d4 d5 6. Bd3 Bf5 7. Nc3 Bb4 8.
O-O O-O 9. Ng5 Bxc3 10. bxc3 Bg6 11. Bxe4 dxe4 12. f3 Qe7 13. Qe2 f5 14. fxe4
fxe4 15. Rxf8+ Kxf8 16. Ba3 Qxa3 17. Qb5 Na6 18. Qd5 Re8 19. Rf1+ Ke7 20. Nxe4
c6 21. Qg5+ Kd7 22. Qg4+ Kd8 23. Ng5 Qe7 24. Nf3 Qe3+ 25. Kh1 Re4 26. Qg3 Qf4
27. Qf2 Bh5 28. g3 Qxf3+ 29. Qxf3 Bxf3+ 30. Rxf3 Ke7 0-1

[Event "C.to Provinciale BS"]
[Site "Sarezzo ITA"]
[Date "2014.02.01"]
[Round "4"]
[White "Caceffo, Daniele"]
[Black "Migliorati, Michele"]
[WhiteElo "1727"]
[BlackElo "1500"]
[Result "0-1"]
[PlyCount "46"]
[EventDate "2014.01.25"]

1. e4 c5 2. Nf3 d6 3. d4 cxd4 4. Nxd4 a6 5. Nc3 Nf6 6. Be2 Nbd7 7. f4 e6 8. Be3
Qc7 9. O-O Be7 10. Bf3 O-O 11. e5 dxe5 12. fxe5 Nxe5 13. Bf4 Nxf3+ 14. Rxf3 e5
15. Bg3 Bc5 16. Nce2 Ne4 17. Qe1 Qe7 18. Nc3 Nxc3 19. bxc3 exd4 20. Qxe7 Bxe7
21. cxd4 Bf6 22. Re1 Bxd4+ 23. Kh1 Be6 0-1

[Event "C.to Provinciale BS"]
[Site "Sarezzo ITA"]
[Date "2014.02.01"]
[Round "4"]
[White "Dieli, Riccardo"]
[Black "Poletti, Fausto"]
[WhiteElo "1853"]
[BlackElo "1880"]
[Result "1/2-1/2"]
[PlyCount "47"]
[EventDate "2014.01.25"]

1. d4 Nf6 2. Nf3 e6 3. c4 b6 4. g3 Bb7 5. Bg2 c5 6. dxc5 Bxc5 7. O-O O-O 8. a3
Qc8 9. b4 Be7 10. Nbd2 d5 11. cxd5 Bxd5 12. Bb2 Qb7 13. Rc1 Nbd7 14. Nc4 Rac8
15. Ne3 Be4 16. Qd2 Rfd8 17. Rxc8 Rxc8 18. Rd1 h6 19. Nh4 Bxg2 20. Nhxg2 Rd8
21. Qc3 Rc8 22. Qd4 Rd8 23. Qc3 Rc8 24. Qd4 1/2-1/2

[Event "C.to Provinciale BS"]
[Site "Sarezzo ITA"]
[Date "2014.02.01"]
[Round "4"]
[White "Lumachi, Gabriele"]
[Black "Fausti, Mattia"]
[WhiteElo "1419"]
[BlackElo "1434"]
[Result "1-0"]
[PlyCount "113"]
[EventDate "2014.01.25"]

1. e4 c6 2. Nc3 d5 3. Nf3 dxe4 4. Nxe4 Bf5 5. Ng3 Qd5 6. d3 b5 7. Be2 e6 8. O-O
Bd6 9. c4 Qc5 10. d4 Qb4 11. a3 Qa5 12. Bd2 Qa6 13. Nxf5 exf5 14. Re1 Ne7 15.
c5 Bc7 16. b4 Bd8 17. Bg5 f6 18. Bf4 O-O 19. Bxb8 Rxb8 20. a4 Qb7 21. a5 a6 22.
Bd3 Qd7 23. Qb3+ Kh8 24. Qe6 Qxe6 25. Rxe6 Rc8 26. Rb1 Nd5 27. Bxf5 g6 28. Be4
Nc3 29. Rb3 Nxe4 30. Rxe4 f5 31. Re6 Bf6 32. g3 g5 33. Ne5 Bxe5 34. dxe5 f4 35.
Rf3 h5 36. h4 gxh4 37. Rxf4 hxg3 38. Rxf8+ Rxf8 39. fxg3 Rc8 40. Rh6+ Kg7 41.
Rxh5 Re8 42. Kf2 Kg6 43. g4 Rd8 44. Ke3 Rd1 45. Ke4 Re1+ 46. Kf3 Rf1+ 47. Kg3
Rg1+ 48. Kh4 Rh1+ 49. Kg3 Rg1+ 50. Kh3 Rh1+ 51. Kg2 Rxh5 52. gxh5+ Kxh5 53. Kf3
Kg6 54. Kf4 Kf7 55. Kf5 Ke7 56. e6 Kf8 57. Kf6 1-0

[Event "C.to Provinciale BS"]
[Site "Sarezzo ITA"]
[Date "2014.02.01"]
[Round "4"]
[White "Paglia, Angelo"]
[Black "Peloni, Davide"]
[WhiteElo "1699"]
[BlackElo "1392"]
[Result "1-0"]
[PlyCount "125"]
[EventDate "2014.01.25"]

1. e4 e5 2. Nf3 d5 3. exd5 e4 4. Qe2 Qe7 5. Nd4 Nf6 6. Nc3 Qe5 7. Nf3 Qe7 8.
Nd4 Qe5 9. Ndb5 a6 10. d4 Qe7 11. Na3 b5 12. Nab1 b4 13. Na4 Nxd5 14. Nc5 Bf5
15. g3 Nc6 16. Be3 Qd8 17. Nxa6 Bd6 18. Qc4 Nce7 19. Bg2 Nb6 20. Qe2 Qc8 21.
Nc5 O-O 22. Nd2 Bxc5 23. dxc5 Nd7 24. Nxe4 Bxe4 25. Bxe4 Rb8 26. O-O f5 27. Bg2
Ng6 28. f4 Qe8 29. Qc4+ Kh8 30. Rae1 Qf7 31. Bd5 Qf6 32. Bd4 Qd8 33. c3 Rc8 34.
cxb4 c6 35. Be6 Re8 36. Qc3 Re7 37. Bxf5 Ndf8 38. Bxc8 Qxc8 39. Rxe7 Nxe7 40.
Bxg7+ Kg8 41. Qf6 Neg6 42. Bxf8 Nxf8 43. Re1 Qg4 44. Qg5+ Qxg5 45. fxg5 Nd7 46.
Re7 Nf8 47. Re8 Kf7 48. Rxf8+ Kxf8 49. a4 Ke8 50. b5 Kd7 51. b6 Kc8 52. h4 Kd7
53. h5 h6 54. gxh6 Ke6 55. b7 Kf5 56. b8=Q Kg4 57. Qf4+ Kxh5 58. h7 Kg6 59.
h8=R Kg7 60. Qf8+ Kg6 61. Rg8+ Kh5 62. Qf5+ Kh6 63. Qh3# 1-0

[Event "C.to Provinciale BS"]
[Site "Sarezzo ITA"]
[Date "2014.02.01"]
[Round "4"]
[White "Peli, Jordan"]
[Black "Zorzi, Aristide"]
[WhiteElo "1493"]
[BlackElo "1760"]
[Result "1-0"]
[PlyCount "71"]
[EventDate "2014.01.25"]

1. e4 e6 2. d4 d5 3. exd5 exd5 4. c3 c6 5. Bf4 f5 6. Bd3 Nf6 7. Nd2 Bd6 8. Bxd6
Qxd6 9. Qc2 g6 10. O-O-O O-O 11. Ne2 b5 12. h3 a5 13. g4 Ne4 14. Rdf1 a4 15. f3
Nxd2 16. Qxd2 f4 17. h4 Na6 18. a3 h6 19. Qc2 Kg7 20. Ng1 Bd7 21. Nh3 c5 22.
Qf2 Rae8 23. Re1 b4 24. dxc5 Nxc5 25. Qd4+ Kg8 26. Bc4 Nb3+ 27. Bxb3 axb3 28.
cxb4 Rxe1+ 29. Rxe1 Rc8+ 30. Kb1 Qc6 31. Qc5 Qxc5 32. bxc5 h5 33. Nxf4 hxg4 34.
fxg4 Bxg4 35. Nxd5 Rxc5 36. Nf6+ 1-0